[Event "NRW Verbandsklasse Group1 1314"]
[Site "Nordrheinwestfalen"]
[Date "2014.04.06"]
[Round "9.8"]
[White "Keku, Helidon"]
[Black "Busche, Heinz"]
[Result "1-0"]
[WhiteElo "1600"]
[BlackElo "1316"]
[PlyCount "75"]
[EventDate "2013.09.08"]
[EventType "team-tourn"]
[EventRounds "9"]
[EventCountry "GER"]
[SourceTitle "EXT 2020"]
[Source "ChessBase"]
[SourceDate "2019.10.17"]
[SourceVersion "1"]
[SourceVersionDate "2019.10.17"]
[SourceQuality "1"]
[WhiteTeam "Eichlinghofen SV II"]
[BlackTeam "Ahlen SV II"]
[WhiteTeamCountry "GER"]
[BlackTeamCountry "GER"]

1. g3 Nf6 2. Bg2 d5 3. d3 e6 4. Nd2 Nbd7 5. h3 c6 6. e4 Qb6 7. Ne2 Bd6 8. 0-0 0-0 9. Kh2 e5 10. f4 exf4 11. gxf4 dxe4 12. dxe4 Bc7 13. Nc4 Qb5 14. Ne3 Rd8 15. Qe1 Re8 16. c4 Qc5 17. b4 Qf8 18. Ng3 h6 19. Qc3 a5 20. b5 Qb4 21. Bb2 Qxc3 22. Bxc3 Nc5 23. e5 cxb5 24. cxb5 Nh7 25. Nd5 Bd8 26. Bd4 Ne6 27. Be3 Nc7 28. Nb6 Rb8 29. Nxc8 Rxc8 30. Bxb7 Rb8 31. Bc6 Re6 32. Ba7 Rxc6 33. bxc6 Rb2+ 34. Rf2 Rb5 35. Rd2 Nd5 36. Rad1 Bb6 37. Rxd5 Rb2+ 38. R1d2 1-0

[Event "Dortmund op-B"]
[Site "Dortmund"]
[Date "2009.07.07"]
[Round "4"]
[White "Maibaum, Ludwig"]
[Black "Busche, Heinz"]
[Result "1-0"]
[WhiteElo "1594"]
[BlackElo "1380"]
[PlyCount "97"]
[EventDate "2009.07.04"]
[EventType "swiss"]
[EventRounds "9"]
[EventCountry "GER"]
[SourceTitle "EXT 2012"]
[Source "ChessBase"]
[SourceDate "2011.11.24"]
[SourceVersion "1"]
[SourceVersionDate "2011.11.24"]
[SourceQuality "1"]

1. c4 e6 2. Nc3 Nf6 3. e4 d5 4. e5 Nfd7 5. d4 dxc4 6. Bxc4 c5 7. Nf3 cxd4 8. Qxd4 Nc6 9. Qe4 Nc5 10. Qe2 Be7 11. Bf4 0-0 12. 0-0 a6 13. Rfd1 Qc7 14. a3 b5 15. b4 Nd7 16. Bxb5 axb5 17. Nxb5 Ba6 18. Nxc7 Bxe2 19. Rxd7 Rad8 20. Rxd8 Rxd8 21. b5 Na5 22. a4 Bc5 23. Be3 Bxe3 24. fxe3 Bxf3 25. gxf3 Rd2 26. b6 Rb2 27. Nb5 h5 28. Rc1 Rb4 29. Rc7 h4 30. b7 Nxb7 31. Rxb7 Rxa4 32. Nd6 h3 33. Kf2 g5 34. Rxf7 Ra5 35. Kg3 Rxe5 36. e4 Rc5 37. Kxh3 Rc2 38. Kg3 Rd2 39. Rd7 Re2 40. h3 Re1 41. Kg4 Rg1+ 42. Kh5 Rg3 43. Kg6 Rxf3 44. Rg7+ Kf8 45. Rf7+ Rxf7 46. Nxf7 g4 47. hxg4 Kg8 48. g5 Kf8 49. Nh6 1-0